000 00865nam a2200205Ia 4500
003 GCL
008 140319s9999 xx 000 0 ara d
020 _a4836401977
040 _aGCL /
_cGCL
082 0 4 _a949.502
_bع ث
100 1 _aعلية عبدالسميع الجنزورى
245 1 0 _aالثغور البرية الاسلامية على حدود الدولة البيزنيطية فى العصور الوسطى /
_cعلية عبدالسميع الجنزورى
260 _aالقاهرة :
_bالهيئة المصرية العامة للكتاب ،
_c2003
300 _a219 ص ؛
_c22 سم
490 _aتاريخ المصريين
_v214
650 0 4 _aالتاريخ البيزنطى
650 0 4 _aالعصور الوسطى - تاريخ
650 0 4 _aالامبراطورية البيزنطية - الدول الاسلامية
942 _2ddc
_cBK
999 _c50828
_d50828